Overrated Premier League Players - Statistics

General Stats
  • This quiz has been taken 40 times
  • The average score is 5 of 26
Answer Stats
Hint Player % Correct
Attacked some Greek police and can't run. Somehow captains Manchester United. Harry Maguire
78%
He's good at defending, and can't attack for his life. As he plays for Manchester United, it's common to be overrated. Aaron Wan-Bissaka
37%
Gone off the radar this season, but was never special when he played. Not good at defending which was his job, and Lampard clearly doesn't want him. Antonio Rudiger
33%
Yet another player on this list that dives, and pretty consistently too. Been booked for it a few times too. Not Manchester United material. Daniel James
33%
Whilst he is a decent player, he does often get overrated. At West Ham and a good finisher but doesn't do it on a consistent basis. Michail Antonio
33%
Southampton forward that's scored about twice across the past two seasons. He has nearly no talent and doesn't belong anywhere near the Premier League. Shane Long
33%
Complete dirt. Pretty good finisher but can't pass and is always up to physically harm his opponents. Been dropped to the bench by Fulham recently. Aleksandar Mitrovic
30%
Probably Burnley's best player, but rated too highly. Should be in the Euros squad for England but shouldn't be a starter. Nick Pope
30%
Hasn't been the same since his injury. Caused him to miss the World Cup. Not good enough for Liverpool, and won't make it into their midfield anymore. Alex Oxlade-Chamberlain
26%
World Class player, but lacks the quality needed. His attacking and defending are both top quality but it's been missing this season. Liverpool need him at his best again. Andrew Robertson
22%
He's not good. His higlight of the season is scoring a free-kick. Considered West Brom's star player but he's nowhere near that. Matheus Pereira
19%
Can play anywhere across the attack line and his attacking is poor. Another Southampton player and it's hard to enjoy a match if he's playing. Theo Walcott
19%
Famously stole a penalty from a fellow Fulham teammate and hit it wide. Cost Fulham a win against Liverpool this season. Sent off against Crystal Palace this season. He's awful. Aboubakar Kamara
15%
I don't understand the hype around him. He has some pace but his defending is severely overrated. Accident prone and doesn't start at Spurs for a reason. Davinson Sanchez
15%
Whilst he is an assist machine, he shouldn't be going with England to the Euros. Doesn't do it consistently. Dwight McNeil
15%
People saying this player was good. Again, a Sheffield United defender who's not even good. Been sent off a couple times this year and is disappointing. John Egan
15%
Every time he plays he makes mistakes and yet still starts the majority of games at West Ham. Needs to improve his dribbling and passing if he wants to be a good winger. Pablo Fornals
15%
1 shot on target this season, pretty wasteful Premier League player. Again, gets regular gametime. Willian
15%
Always up for a dirty tackle, lacks talent whenever on the ball, yet somehow gets regular gametime for Arsenal. Dani Ceballos
11%
Decent finisher, but nowhere near Premier League material. Another diving striker, and would be muhc better back at Borussia Dortmund. Michy Batshuayi
7%
In his first two games, he gave away two penalties. Gave a goal away against Leicester. Since he received an injury however, Leeds' defence looks worse. Robin Koch
7%
Another striker, but lacks goalscoring. Always dives when he's in the box and best match was his debut, been pretty quiet since. Aaron Connolly
4%
Highly rated by all Everton fans, but is too care-free with his tackles and doesn't put himself in the position to defend. Ben Godfrey
4%
He's been dropped from the Sheffield United team because he's simply not good enough. Not good at defending yet he's a defender. Enda Stevens
4%
Aston Villa striker who is seriously untalented. Never seen him score or be involved in anything. Keinan Davis
4%
Decent defender, linked with £40M move to Chelsea which sounds silly, nearly 30 too. Lewis Dunk
4%
No matching quizzes found
Score Distribution
Percent of People with Each Score
Percentile by Number Answered
Your Score History
You have not taken this quiz